Podnik a společnost.

Podniky vznikajúce v ČSFR sa snažia koncentrovať svoj vzťah ku spoločnosti do základných klasických pozícií slobodného podnikania. Neobmedzený rast podnikov vo vyspelých krajinách však je doprevádzaný narušovaním ekologického, sociálneho i politického prostredia. Silný vplyv sociálnych doktrín vedie...

ver descrição completa

Na minha lista:
Detalhes bibliográficos
Autor principal: Pakosta, J.
Formato: Capítulo de Livro
Idioma:tcheco
Assuntos:
Tags: Adicionar Tag
Sem tags, seja o primeiro a adicionar uma tag!

MARC

LEADER 00000naa a2200000 4500
001 r006803
005 20221125080755.8
041 0 |a cze 
044 |a [CS] 
245 1 0 |a Podnik a společnost.  |c J. Pakosta 
520 |a Podniky vznikajúce v ČSFR sa snažia koncentrovať svoj vzťah ku spoločnosti do základných klasických pozícií slobodného podnikania. Neobmedzený rast podnikov vo vyspelých krajinách však je doprevádzaný narušovaním ekologického, sociálneho i politického prostredia. Silný vplyv sociálnych doktrín vedie k pretváraniu kapitalistickej ideológie a k pretváraniu podniku z čisto ekonomického na sociálno-ekonomický inštitút. Náčrt štyroch alernatívnych scenárov budúcnosti podniku a obmedzení a ohraničení činnosti podniku. 
610 2 0 |a podnik 
610 2 0 |a podnikanie 
610 2 0 |a spoločnosť 
610 2 0 |a rast mikroekonomický 
610 2 0 |a správanie 
610 2 0 |a rozvoj sociálno-ekonomický 
100 1 |a Pakosta, J.